|
|
|
|
| LEADER |
00814cam a2200241 7i4500 |
| 001 |
0000015305 |
| 005 |
20170218090000.0 |
| 008 |
070529 eng |
| 020 |
|
|
|a 0133163326 (pbk.)
|
| 090 |
0 |
0 |
|a HF5681.B2
|b F64 1986
|
| 100 |
1 |
|
|a Foster, George
|
| 245 |
1 |
0 |
|a Financial statement analysis
|c George Foster.
|
| 250 |
|
|
|a 2nd ed.
|
| 260 |
|
|
|a Englewood Cliffs, N.J.:
|b Prentice-Hall Int., Inc.,
|c 1986.
|
| 300 |
|
|
|a xii, 625 p.:
|b ill.;
|c 24 cm.
|
| 490 |
0 |
|
|a Prentice-Hall series in accounting
|
| 504 |
|
|
|a Includes bibliographical references and index
|
| 650 |
0 |
0 |
|a Financial statements
|
| 997 |
|
|
|a Business & Accountancy, Faculty
|
| 998 |
|
|
|a Accountancy, Degree
|
| 998 |
|
|
|a Accountancy, Diploma
|
| 998 |
|
|
|a Finance, Degree
|
| 999 |
|
|
|a 0000021815
|b BOK
|c OPEN SHELF
|e 1st Floor, Shah Alam
|